00493nam a22001697a 450000500170000001000150001702000230003203500140005503700090006908200080007810000190008624500750010526000510018027000500023130000240028170000180030520250120142725.0 aENG-143464 c399a9789355433152 aEN-126996 bDBAD a887 aSims, steve D. aGo for stuoid;cThe art of achieving ridiculous goals/bSims, Steve D. bManjul Publishing house c2023aUtter Pradesh  aC-16 sector 3, bNoida Uttar pradesh e201301 a187 p.c21 cm (pbk) aSteve D. sims